000 01039nam a2200277 i 4500
001 109529
003 ES-MaACL
005 20251120105418.0
007 t|
008 061121q1918 sp |||| |dspa d
080 _a821.134.2(729.1).09
100 1 _aMitjans, Aurelio.
_981698
245 1 0 _aHistoria de la literatura cubana /
_cAurelio Mitjans ; prólogo de Rafael Montoro .
_bLa vida y la obra de Mitjans / por Manuel de la Cruz.
260 _aMadrid :
_b[s. n.],
_c[1918?] (
_fImp. Juan Pueyo)
300 _a389 p. ;
_c19 x 13 cm.
530 _aDisponible en formato digital.
600 1 4 _aMitjans, Aurelio.
_981698
650 4 _aLiteratura cubana-
_xHistoria y crítica.
_914531
700 1 _aMontoro, Rafael,
_d1852-1933
_982692
700 1 _aCruz, Manuel de la,
_d1861-1896
_9162767
740 3 2 _aLa vida y la obra de Mitjans.
852 _aES-MaACL
_jF-10935
_cSPD2
856 4 _uhttp://bdh-rd.bne.es/viewer.vm?id=0000043266&page=1
_y(Biblioteca Digital Hispánica)
942 _2udc
999 _c109529
_d109529